Family Relations Quiz Stats

 Plays Quiz not verified by Sporcle

Challenge
Share
Tweet
Embed
Score 0/10 Timer 10:00
0 Plays Today
% Correct
Aunt
100%
Cousin
72.7%
Nephew
36.4%
Second Cousin
18.2%
Great Uncle
9.1%
Great uncle in law
0%
Brother in law
0%
Step Grandma
0%
Daughter in law
0%
Great Nephew
0%

You're not logged in!

Compare scores with friends on all Sporcle quizzes.
Join for Free
OR
Log In

You Might Also Like...

Show Comments

Extras

Created May 24, 2012ReportNominate
Tags:family, relation

Top Quizzes Today


Score Distribution

Your Account Isn't Verified!

In order to create a playlist on Sporcle, you need to verify the email address you used during registration. Go to your Sporcle Settings to finish the process.

Report this User

Report this user for behavior that violates our Community Guidelines.

Details: